Detalles MARC
| 000 -CABECERA |
| campo de control de longitud fija |
01453nam a2200313 a 4500 |
| 001 - NÚMERO DE CONTROL |
| campo de control |
000048806 |
| 003 - IDENTIFICADOR DEL NÚMERO DE CONTROL |
| campo de control |
DO-SdBNP |
| 005 - FECHA Y HORA DE LA ÚLTIMA TRANSACCIÓN |
| campo de control |
20210505132550.0 |
| 008 - DATOS DE LONGITUD FIJA--INFORMACIÓN GENERAL |
| campo de control de longitud fija |
190412s2018 dr ac 000 0 spa d |
| 020 ## - NÚMERO INTERNACIONAL ESTÁNDAR DEL LIBRO |
| Número Internacional Estándar del Libro |
9789945462241 |
| 040 ## - FUENTE DE LA CATALOGACIÓN |
| Centro catalogador/agencia de origen |
DO-SdBNP |
| Lengua de catalogación |
spa |
| Centro/agencia transcriptor |
BNPHU |
| 082 #4 - NÚMERO DE LA CLASIFICACIÓN DECIMAL DEWEY |
| Número de clasificación |
327.7293 |
| Número de documento/Ítem |
R426d |
| Número de edición |
22 |
| 245 00 - MENCIÓN DE TÍTULO |
| Título |
República Dominicana en las Naciones Unidas, 1945-2018 : |
| Resto del título |
presencia dominicana en las naciones unidas, un documento para la historia / |
| Mención de responsabilidad, etc. |
[compilador] Amín Concepción Cruz Almánzar ; presentación Miguel Vargas Maldonado ; prólogo y corrección Yldefonso Lagares ; |
| 260 ## - PUBLICACIÓN, DISTRIBUCIÓN, ETC. |
| Lugar de publicación, distribución, etc. |
Santo Domingo : |
| Nombre del editor, distribuidor, etc. |
Ministerio de Relaciones Exteriores, |
| Fecha de publicación, distribución, etc. |
2018. |
| 300 ## - DESCRIPCIÓN FÍSICA |
| Extensión |
606 p. : |
| Otras características físicas |
il., retrs. ; |
| Dimensiones |
23 cm. |
| 500 ## - NOTA GENERAL |
| Nota general |
Incluye datos biográficos del autor en las solapas |
| 504 ## - NOTA DE BIBLIOGRAFÍA, ETC. |
| Nota de bibliografía, etc. |
Bibliografía : p. 605-606 |
| 590 ## - NOTA LOCAL (RLIN) |
| Nota local |
Inventariado, 2019/LP |
| 610 24 - PUNTO DE ACCESO ADICIONAL DE MATERIA--NOMBRE DE ENTIDAD CORPORATIVA |
| Nombre de entidad corporativa o nombre de jurisdicción como elemento de entrada |
Naciones Unidas |
| 9 (RLIN) |
78496 |
| 650 #4 - PUNTO DE ACCESO ADICIONAL DE MATERIA--TÉRMINO DE MATERIA |
| Término de materia o nombre geográfico como elemento de entrada |
Documentos diplomáticos |
| Subdivisión geográfica |
República Dominicana |
| Subdivisión cronológica |
1945-2018 |
| 9 (RLIN) |
78497 |
| 651 #4 - PUNTO DE ACCESO ADICIONAL DE MATERIA--NOMBRE GEOGRÁFICO |
| Nombre geográfico |
República Dominicana |
| Subdivisión general |
Relaciones exteriores |
| 9 (RLIN) |
170 |
| Subdivisión cronológica |
1945-2018 |
| 651 #4 - PUNTO DE ACCESO ADICIONAL DE MATERIA--NOMBRE GEOGRÁFICO |
| Nombre geográfico |
República Dominicana |
| Subdivisión general |
Política gobierno |
| 9 (RLIN) |
15826 |
| Subdivisión cronológica |
1945-2018 |
| 700 1# - PUNTO DE ACCESO ADICIONAL--NOMBRE DE PERSONA |
| Nombre de persona |
Cruz Almánzar, Concepción Amín, |
| Fechas asociadas al nombre |
1954- |
| Término indicativo de función/relación |
comp. |
| 9 (RLIN) |
76259 |
| 700 1# - PUNTO DE ACCESO ADICIONAL--NOMBRE DE PERSONA |
| Nombre de persona |
Vargas, Miguel, |
| Término indicativo de función/relación |
present. |
| 9 (RLIN) |
75083 |
| 700 1# - PUNTO DE ACCESO ADICIONAL--NOMBRE DE PERSONA |
| Nombre de persona |
Lagares, Yldefonso, |
| Término indicativo de función/relación |
pról. |
| 9 (RLIN) |
76260 |
| 710 1# - PUNTO DE ACCESO ADICIONAL--NOMBRE DE ENTIDAD CORPORATIVA |
| Nombre de entidad corporativa o nombre de jurisdicción como elemento de entrada |
República Dominicana. |
| Unidad subordinada |
Ministerio de Relaciones Exteriores. |
| 9 (RLIN) |
72686 |
| 910 ## - DATOS DE OPCIÓN DEL USUARIO (OCLC) |
| Datos de opción del usuario |
L/P/Validado.Control de calidad MFF |
| 942 ## - ELEMENTOS DE PUNTO DE ACCESO ADICIONAL (KOHA) |
| Fuente del sistema de clasificación o colocación |
Dewey Decimal Classification |
| Tipo de ítem Koha |
Libro |